000 00235 a2200097 4500
020 _a9781032663159
100 _aSaad Z. Asif
245 _a5G mobile communications: concepts and technologies
260 _bCRC Press
_c2024
942 _cOO
999 _c116025
_d116024